banner-ar

حركة اللغة العربية وادابها فى نيجيريا من سنة 1804_ الى سنة 1966 (Record no. 54903)

MARC details
000 -الفاتح
حقل البيانات ثابتة الطول 00437nam a2200133Ia 4500
008 - عناصر البيانات ثابتة الطول - معلومات عامة
حقل البيانات ثابتة الطول 140319s9999 xx 000 0 ara d
040 ## - مصدر الفهرسة
وكالة الفهرسة الأصلية GCL /
وكالة النسخ GCL
082 04 - رقم تصنيف ديوى العشرى
رقم التصنيف 417.9
رقم المادة ش ح
245 10 - بيان العنوان
العنوان حركة اللغة العربية وادابها فى نيجيريا من سنة 1804_ الى سنة 1966
260 ## - PUBLICATION, DISTRIBUTION, ETC. (IMPRINT)
تاريخ النشر أو التوزيع 1992
300 ## - الوصف المادى
التعداد 340ص
490 ## - بيان السلسلة
عنوان السلسلة المكتبة الافريقية
رقم المجلد/ التعيين التسلسلي 0
260 ## - PUBLICATION, DISTRIBUTION, ETC. (IMPRINT)
-- [S.N] :
-- دار المعارف ،
Holdings
حالة التراجع حالة الفقد حالة تلف ليس للاعارة المكان المؤقت الموقع الحالى تاريخ الاكتساب اجمالي اﻻعارات رقم الطلب الباركود تاريخ اخر مشاهدة تاريخ تفعيل السعر نوع وعاء كوها
        مكتبة القاهرة الكبرى مكتبة القاهرة الكبرى 03/26/2014   417.9\ش ح 131970 03/26/2014 03/26/2014 كتاب

Powered By

EGPV